00374nam a2200157Ia 4500008004100000041000800041100001200049245005800061260002600119300000900145365000700154520001200161520001500173650000900188999001900197230605s1968 xx 000 0 und d aeng aJerome. aArt and science of managing Hotels/Restau Institution bHayden Book Co.c1968 a275p h10 aGeneral aHard Board aC.S. c419648d419648